<?xml version="1.0" encoding="UTF-8"?>
<record
    xmlns:xsi="http://www.w3.org/2001/XMLSchema-instance"
    xsi:schemaLocation="http://www.loc.gov/MARC21/slim http://www.loc.gov/standards/marcxml/schema/MARC21slim.xsd"
    xmlns="http://www.loc.gov/MARC21/slim">

  <leader>00865nam a2200253 a 4500</leader>
  <controlfield tag="001">EEO.eeo000253</controlfield>
  <controlfield tag="005">20260526180719.0</controlfield>
  <controlfield tag="008">040414s2004####sp#####g######000#0#spa##</controlfield>
  <datafield tag="020" ind1=" " ind2=" ">
    <subfield code="a">8448141563</subfield>
  </datafield>
  <datafield tag="020" ind1=" " ind2=" ">
    <subfield code="a">9788448141561</subfield>
  </datafield>
  <datafield tag="040" ind1=" " ind2=" ">
    <subfield code="a">M-BN</subfield>
    <subfield code="b">spa</subfield>
    <subfield code="c">M-BN</subfield>
    <subfield code="d">AR-BaCAIC</subfield>
    <subfield code="d">AR-MoUNM</subfield>
  </datafield>
  <datafield tag="041" ind1=" " ind2=" ">
    <subfield code="a">spa</subfield>
    <subfield code="h">eng</subfield>
  </datafield>
  <datafield tag="082" ind1="0" ind2="4">
    <subfield code="2">24.11</subfield>
    <subfield code="a">330</subfield>
    <subfield code="b">MAN 278</subfield>
  </datafield>
  <datafield tag="100" ind1="1" ind2=" ">
    <subfield code="a">Mankiw, N. Gregory.</subfield>
    <subfield code="9">7535</subfield>
  </datafield>
  <datafield tag="245" ind1="1" ind2="0">
    <subfield code="a">Principios de econom&#xED;a /</subfield>
    <subfield code="c">N. Gregory Mankiw ; traducci&#xF3;n, Esther Rabasco Esp&#xE1;riz ; revisi&#xF3;n t&#xE9;cnica, Luis Toharia Cort&#xE9;s.</subfield>
  </datafield>
  <datafield tag="250" ind1=" " ind2=" ">
    <subfield code="a">3a ed.</subfield>
  </datafield>
  <datafield tag="260" ind1=" " ind2=" ">
    <subfield code="a">Madrid :</subfield>
    <subfield code="b">McGraw-Hill :</subfield>
    <subfield code="b">Interamericana de Espa&#xF1;a,</subfield>
    <subfield code="c">2004.</subfield>
  </datafield>
  <datafield tag="300" ind1=" " ind2=" ">
    <subfield code="a">xxix, 535 p. ;</subfield>
    <subfield code="c">27 cm.</subfield>
  </datafield>
  <datafield tag="650" ind1=" " ind2="7">
    <subfield code="a">ECONOMIA</subfield>
    <subfield code="2">mpirdes</subfield>
    <subfield code="9">19</subfield>
  </datafield>
  <datafield tag="650" ind1=" " ind2="7">
    <subfield code="a">ENSE&#xD1;ANZA DE LA ECONOMIA</subfield>
    <subfield code="2">unescot</subfield>
    <subfield code="9">4619</subfield>
  </datafield>
  <datafield tag="700" ind1="1" ind2=" ">
    <subfield code="a">Rabasco, Esther.</subfield>
    <subfield code="9">7698</subfield>
    <subfield code="e">tr.</subfield>
  </datafield>
  <datafield tag="700" ind1="1" ind2=" ">
    <subfield code="a">Toharia, Luis</subfield>
    <subfield code="e">rev.</subfield>
    <subfield code="9">7900</subfield>
  </datafield>
  <datafield tag="942" ind1=" " ind2=" ">
    <subfield code="2">ddc</subfield>
    <subfield code="c">LIBRO</subfield>
  </datafield>
  <datafield tag="999" ind1=" " ind2=" ">
    <subfield code="c">21786</subfield>
    <subfield code="d">21787</subfield>
  </datafield>
  <datafield tag="952" ind1=" " ind2=" ">
    <subfield code="0">0</subfield>
    <subfield code="1">0</subfield>
    <subfield code="2">ddc</subfield>
    <subfield code="4">0</subfield>
    <subfield code="7">0</subfield>
    <subfield code="a">UNM</subfield>
    <subfield code="b">UNM</subfield>
    <subfield code="d">2026-05-26</subfield>
    <subfield code="e">Donaci&#xF3;n Patricia Laurenza</subfield>
    <subfield code="i">28269</subfield>
    <subfield code="l">0</subfield>
    <subfield code="o">330 MAN 278</subfield>
    <subfield code="p">28269</subfield>
    <subfield code="r">2026-05-26 17:35:27</subfield>
    <subfield code="t">Ej. C</subfield>
    <subfield code="w">2026-05-26</subfield>
    <subfield code="y">LIBRO</subfield>
  </datafield>
</record>
